000 00447nam a22001577a 4500
999 _c57285
_d57285
003 Ge_BSU
005 20200207111127.0
008 200207s2004 ge ||||| |||| 00| 0 geo d
041 _ageo
080 _a912(479.22) ს–32
245 _aთბილისი. ქუჩები /
_bრუკა.
264 _aთბილისი,
_c2004.
653 _aთბილისი
653 _aკატროგრაფია
942 _2udc
_cMP